| 000 | 00563nam a2200133Ia 4500 | ||
|---|---|---|---|
| 008 | 171212s9999 xx 000 0 und d | ||
| 020 | _a9780823268245 | ||
| 100 | _aBaxstrom, Richard;Meyers, Todd | ||
| 245 |
_cBaxstrom, Richard;Meyers, Todd _aRealizing the Witch _bScience, Cinema, and the Mastery of the Invisible |
||
| 260 |
_bFordham University Press _c2016 |
||
| 650 | _aAnthropology | ||
| 650 | _aHäxan (Motion picture); Witchcraft -- Europe -- History; Witches -- Europe; Christensen, Benjamin, 1879–1959 | ||
| 856 | _uhttp://jstor.org/stable/j.ctt175x2kv | ||
| 999 |
_c351483 _d351483 |
||